[Event "4NCL 2016-17"]
[Site "Reading ENG"]
[Date "2016.11.20"]
[Round "2.23"]
[White "Sanders, Isaac B"]
[Black "Suarez Real, Alberto"]
[Result "1/2-1/2"]
[WhiteTitle "FM"]
[BlackTitle "IM"]
[WhiteElo "2342"]
[BlackElo "2416"]
[WhiteTeam "Barbican 4NCL"]
[BlackTeam "Guildford"]
[WhiteFideId "417661"]
[BlackFideId "2218534"]
[EventDate "2016.11.19"]

1. d4 Nf6 2. Nf3 g6 3. Bg5 Bg7 4. Nbd2 O-O 5. c3 d6 6. e3 b6 7. Bd3 Nbd7 8. Qe2
c5 9. O-O Bb7 10. e4 h6 11. Bh4 cxd4 12. cxd4 Nh5 13. Bg3 Rc8 14. Ba6 Bxa6 15.
Qxa6 Rc7 16. Nb3 Qa8 17. Qd3 Rfc8 18. Rac1 Rxc1 19. Rxc1 Rxc1+ 20. Nxc1 Qc6 21.
Ne2 b5 1/2-1/2

[Event "4NCL 2016-17"]
[Site "Reading ENG"]
[Date "2016.11.20"]
[Round "2.24"]
[White "Wadsworth, Matthew J"]
[Black "Franklin, Samuel G A"]
[Result "1/2-1/2"]
[WhiteTitle "FM"]
[BlackTitle "FM"]
[WhiteElo "2290"]
[BlackElo "2302"]
[WhiteTeam "Guildford"]
[BlackTeam "Barbican 4NCL"]
[WhiteFideId "415804"]
[BlackFideId "468576"]
[EventDate "2016.11.19"]

1. e4 e5 2. Nf3 Nc6 3. Bb5 a6 4. Ba4 Nf6 5. O-O b5 6. Bb3 Bc5 7. c3 d6 8. a4 Rb8
9. d4 Bb6 10. axb5 axb5 11. Na3 O-O 12. Nxb5 Bg4 13. Bc2 exd4 14. Nbxd4 Nxd4 15.
cxd4 Bxf3 16. gxf3 Nh5 17. Kh1 Qf6 18. Be3 g6 19. Ra4 Ra8 20. Rxa8 Rxa8 21. Bb3
Ra1 22. Qxa1 Qxf3+ 23. Kg1 Qg4+ 24. Kh1 Qf3+ 25. Kg1 Qg4+ 1/2-1/2

[Event "4NCL 2016-17"]
[Site "Reading ENG"]
[Date "2016.11.20"]
[Round "2.25"]
[White "Dorrington, Chris J"]
[Black "Kilpatrick, Callum"]
[Result "1-0"]
[BlackTitle "FM"]
[WhiteElo "2334"]
[BlackElo "2352"]
[WhiteTeam "Barbican 4NCL"]
[BlackTeam "Guildford"]
[WhiteFideId "410462"]
[BlackFideId "414425"]
[EventDate "2016.11.19"]

1. Nf3 Nf6 2. d4 g6 3. Bg5 Bg7 4. Nbd2 O-O 5. c3 d6 6. e3 c5 7. Be2 Nbd7 8. O-O
Rb8 9. a4 b6 10. b4 Bb7 11. Qb3 Ne4 12. Bh4 Ndf6 13. Nc4 Qd7 14. Rfd1 Qg4 15.
Bg3 Nxg3 16. hxg3 Bd5 17. Rac1 Rfc8 18. Qb2 Ne4 19. Ncd2 Nxd2 20. Rxd2 Qd7 21.
dxc5 Bxf3 22. Bxf3 bxc5 23. b5 Qc7 24. Qa2 c4 25. Bc6 Rb6 26. Qxc4 Rxc6 27. Qxc6
Qxc6 28. bxc6 Rxc6 29. c4 Bf6 30. Kf1 h5 31. Ke2 Kf8 32. Kd3 Ke8 33. Rb1 Ra6 34.
Ra2 Kd7 35. Rb5 Kc6 36. Kc2 e6 37. Kb3 Bd8 38. e4 Bf6 39. Rd2 h4 40. gxh4 Bxh4
41. e5 dxe5 42. Rxe5 Be7 43. Rb5 Bc5 44. f3 e5 45. Rd8 Kc7 46. Re8 Kd6 47. Rd8+
Ke7 48. Rd5 Bd4 49. f4 f6 50. fxe5 fxe5 51. Rxe5+ Bxe5 52. Rxe5+ Kd6 53. Rd5+
Kc7 54. Kb4 Re6 55. Rg5 Kc6 56. Rc5+ Kb7 57. Rb5+ Kc6 58. Ka5 Kc7 59. Rg5 Kb7
60. c5 Kc7 61. Kb5 Kb7 62. Rg4 Kc7 63. Rf4 a6+ 64. Ka5 Kc6 65. Kb4 Kd5 66. Rc4
Rf6 67. Rc2 Rf4+ 68. Ka5 Kc6 69. Ra2 Kxc5 70. Kxa6 Rb4 71. Rc2+ Kd6 72. a5 g5
73. Rf2 g4 74. Ka7 Kc7 75. a6 Ra4 76. Rf7+ Kc6 77. Kb8 Re4 78. Rf6+ Kb5 79. Rg6
Re7 80. Kc8 g3 81. Kd8 Ra7 82. Rxg3 Rxa6 83. Ke7 Kc5 84. Kf7 Kd5 85. Rg6 Ra2 86.
Rg4 Ke5 87. Kg6 Rf2 88. g3 Ra2 89. Rb4 Ra3 90. g4 Rg3 91. g5 Rg1 92. Rb5+ Ke6
93. Rf5 Ke7 94. Rf3 Rg2 95. Kh6 Rh2+ 96. Kg7 Ke6 97. g6 Rg2 98. Kh7 Rh2+ 99. Kg8
Rg2 100. g7 Ke7 101. Re3+ Kf6 102. Kf8 Rxg7 103. Rf3+ 1-0

[Event "4NCL 2016-17"]
[Site "Reading ENG"]
[Date "2016.11.20"]
[Round "2.26"]
[White "Kalaiyalahan, Akshaya"]
[Black "Cox, John J"]
[Result "1-0"]
[WhiteTitle "FM"]
[BlackTitle "IM"]
[WhiteElo "2046"]
[BlackElo "2325"]
[WhiteTeam "Guildford"]
[BlackTeam "Barbican 4NCL"]
[WhiteFideId "422894"]
[BlackFideId "401064"]
[EventDate "2016.11.19"]

1. d4 Nf6 2. c4 e6 3. g3 Bb4+ 4. Bd2 Qe7 5. Bg2 Nc6 6. e3 O-O 7. Ne2 Bxd2+ 8.
Qxd2 d6 9. O-O e5 10. d5 Nb8 11. e4 c6 12. Nbc3 cxd5 13. cxd5 Bd7 14. Rab1 a5
15. b4 Na6 16. a3 axb4 17. axb4 Rfc8 18. Qd3 Qd8 19. Nb5 Qb6 20. Nec3 Nc7 21.
Nxc7 Qxc7 22. Rb3 Ba4 23. Nxa4 Rxa4 24. Bh3 Rca8 25. Rc3 Qb6 26. Qc2 g6 27. Rf3
Kg7 28. Qc1 Nxe4 29. Be6 Nf6 30. Bxf7 e4 31. Rxf6 Kxf6 32. Be6 g5 33. h4 h6 34.
Qc3+ Kg6 35. h5+ Kh7 36. Qf6 Qc7 37. Qg6+ Kh8 38. Bf7 1-0

[Event "4NCL 2016-17"]
[Site "Reading ENG"]
[Date "2016.11.20"]
[Round "2.27"]
[White "Rogers, Jonathan W"]
[Black "Emerson, Roger"]
[Result "1/2-1/2"]
[WhiteTitle "FM"]
[WhiteElo "2296"]
[BlackElo "2192"]
[WhiteTeam "Barbican 4NCL"]
[BlackTeam "Guildford"]
[WhiteFideId "402052"]
[BlackFideId "424099"]
[EventDate "2016.11.19"]

1. Nf3 Nf6 2. d4 e6 3. c4 d5 4. g3 dxc4 5. Bg2 a6 6. O-O Nc6 7. Na3 Bxa3 8. bxa3
Rb8 9. Bb2 O-O 10. Qc2 b5 11. Rad1 Ne7 12. e4 Bb7 13. Rfe1 Ng6 14. d5 exd5 15.
e5 Nd7 16. h4 Nc5 17. h5 Nh8 18. Qc3 Ne6 19. Nd4 1/2-1/2

[Event "4NCL 2016-17"]
[Site "Reading ENG"]
[Date "2016.11.20"]
[Round "2.28"]
[White "Osborne, Marcus E"]
[Black "Lauterbach, Ingrid"]
[Result "1-0"]
[BlackTitle "WIM"]
[WhiteElo "2253"]
[BlackElo "2104"]
[WhiteTeam "Guildford"]
[BlackTeam "Barbican 4NCL"]
[WhiteFideId "404608"]
[BlackFideId "405221"]
[EventDate "2016.11.19"]

1. e4 c5 2. Nc3 e6 3. Nge2 Nc6 4. d4 cxd4 5. Nxd4 a6 6. Nxc6 dxc6 7. Qxd8+ Kxd8
8. Bf4 b5 9. O-O-O+ Bd7 10. Be2 Nf6 11. Rd3 Bb4 12. Rhd1 Ra7 13. Bf3 Kc8 14. g4
h6 15. h4 Bc5 16. Bg3 a5 17. e5 Ne8 18. Ne4 Be7 19. Rc3 Bb4 20. Rcd3 Be7 21. c4
f5 22. exf6 gxf6 23. cxb5 f5 24. bxc6 Bxc6 25. Rc3 fxe4 26. Bxe4 Nc7 27. Bxc6
Rd8 28. Rxd8+ Bxd8 29. f4 Bf6 30. Rc4 Kd8 31. g5 Bg7 32. Bf2 Ra6 33. Bb7 Rd6 34.
Bc5 Rd7 35. Bb6 hxg5 36. hxg5 Bf8 37. Bxa5 Bd6 38. Bc6 Rf7 39. Rd4 Ke7 40. Bb4
Bxb4 41. Rxb4 Kd6 42. Bg2 e5 43. g6 Rf8 44. Rb6+ Ke7 45. Rb7 Kd6 46. fxe5+ Kd7
47. e6+ Kc8 48. e7 Rg8 49. Rxc7+ Kxc7 50. Bd5 Rc8 51. Be6 1-0

[Event "4NCL 2016-17"]
[Site "Reading ENG"]
[Date "2016.11.20"]
[Round "2.31"]
[White "Maciol, Ryszard"]
[Black "Toma, Katarzyna"]
[Result "0-1"]
[BlackTitle "WGM"]
[WhiteElo "2118"]
[BlackElo "2312"]
[WhiteTeam "Celtic Tigers"]
[BlackTeam "South Wales Dragons"]
[WhiteFideId "1118153"]
[BlackFideId "1119907"]
[EventDate "2016.11.19"]

1. d4 Nf6 2. c4 d6 3. Nc3 Nbd7 4. e4 e5 5. d5 Nc5 6. Qc2 a5 7. g3 Be7 8. Bg2 O-O
9. Nge2 c6 10. O-O cxd5 11. exd5 g6 12. Bh6 Re8 13. h3 Bf5 14. Qd2 Nfe4 15. Nxe4
Bxe4 16. b3 Bxg2 17. Kxg2 f5 18. Nc3 Bf6 19. Be3 b6 20. Rae1 Qd7 21. f4 Qg7 22.
Nb5 Qe7 23. fxe5 Bxe5 24. Bxc5 bxc5 25. Rxe5 Qxe5 26. Nc7 Qe4+ 27. Kh2 Rac8 28.
Nxe8 Rxe8 29. Rf2 a4 30. Qc2 Qxc2 31. Rxc2 a3 32. Kg2 Re1 33. Kf3 Kf7 34. h4 Kf6
35. Kf2 Rb1 36. Re2 Rb2 37. Kf3 Rxe2 38. Kxe2 Ke5 39. Kf3 h6 40. Ke3 g5 0-1

[Event "4NCL 2016-17"]
[Site "Reading ENG"]
[Date "2016.11.20"]
[Round "2.32"]
[White "Cooper, John G"]
[Black "Pedersen, Carsten"]
[Result "0-1"]
[WhiteTitle "IM"]
[WhiteElo "2278"]
[BlackElo "2142"]
[WhiteTeam "South Wales Dragons"]
[BlackTeam "Celtic Tigers"]
[WhiteFideId "1800027"]
[BlackFideId "1409760"]
[EventDate "2016.11.19"]

1. c4 Nf6 2. Nc3 Nc6 3. g3 e5 4. Bg2 g6 5. Nf3 Bg7 6. d4 exd4 7. Nxd4 O-O 8. O-O
Re8 9. Nxc6 bxc6 10. Qa4 a5 11. Rd1 Ra6 12. c5 Qe7 13. Be3 Qe6 14. Bd4 Bb7 15.
e4 Ra7 16. Rd2 Rb8 17. Re1 Bc8 18. Qd1 Rab7 19. b3 Ne8 20. Bxg7 Kxg7 21. e5 Rb4
22. Bf1 Kf8 23. Bc4 Qe7 24. Ne4 a4 25. Rde2 axb3 26. axb3 Ng7 27. Nf6 Ne6 28.
Nxh7+ Kg7 29. Nf6 Nxc5 30. Qd2 d5 31. Bxd5 cxd5 32. Nxd5 Qd8 33. e6 Nxe6 34.
Qc3+ Rd4 35. Ne7 Qxe7 0-1

[Event "4NCL 2016-17"]
[Site "Reading ENG"]
[Date "2016.11.20"]
[Round "2.33"]
[White "Quinn, John M"]
[Black "Kett, Tim"]
[Result "1/2-1/2"]
[WhiteElo "2169"]
[BlackElo "2237"]
[WhiteTeam "Celtic Tigers"]
[BlackTeam "South Wales Dragons"]
[WhiteFideId "405043"]
[BlackFideId "1801210"]
[EventDate "2016.11.19"]

1. d4 d6 2. Nf3 f5 3. g3 Nf6 4. Bg2 e6 5. c4 Be7 6. O-O O-O 7. Nc3 Qe8 8. Qc2
Qh5 9. e4 e5 10. dxe5 dxe5 11. Nd5 Nxd5 12. cxd5 fxe4 13. Qxe4 Bf6 14. Be3 c6
15. Rac1 Kh8 16. Rfe1 cxd5 17. Qxd5 Nc6 18. Nd2 Bh3 19. Bxh3 Qxh3 20. Qg2 Qe6
21. a3 e4 22. Nxe4 Bxb2 23. Rb1 Bxa3 24. Rxb7 Be7 25. Rc1 Rfb8 26. Ng5 Bxg5 27.
Rxb8+ Rxb8 28. Qxc6 Qxc6 29. Rxc6 Bxe3 30. fxe3 Kg8 31. Ra6 Ra8 32. Kf2 Kf7 33.
e4 Ke7 34. Ke3 Kd7 35. Kd4 Kc7 36. Kc5 Kb7 37. Ra2 Kc7 38. e5 a5 39. Ra4 Kd7 40.
Kd5 Ra6 41. h4 g6 42. g4 h6 43. h5 g5 44. Ke4 Ke6 45. Kd4 Ra8 46. Ke4 Ra7 47.
Rc4 Ra6 1/2-1/2

[Event "4NCL 2016-17"]
[Site "Reading ENG"]
[Date "2016.11.20"]
[Round "2.34"]
[White "Redmond, John P."]
[Black "Way, Julian M"]
[Result "1-0"]
[BlackTitle "FM"]
[WhiteElo "2197"]
[BlackElo "2025"]
[WhiteTeam "South Wales Dragons"]
[BlackTeam "Celtic Tigers"]
[WhiteFideId "2500051"]
[BlackFideId "421910"]
[EventDate "2016.11.19"]

1. d4 d5 2. c4 e6 3. Nf3 Nf6 4. Nc3 Be7 5. Bf4 O-O 6. e3 c5 7. dxc5 Bxc5 8. Qc2
dxc4 9. Bxc4 a6 10. O-O b5 11. Rfd1 Qb6 12. Bd3 h6 13. Ne4 Be7 14. Nxf6+ Bxf6
15. Bh7+ Kh8 16. Be4 Bb7 17. Rac1 Bxe4 18. Qxe4 Ra7 19. Ne5 Qb7 20. Qxb7 Rxb7
21. b3 Kh7 22. Kf1 a5 23. Rc2 Rd8 24. Rxd8 Bxd8 25. Nxf7 Bf6 26. Nd6 Rb6 27. Ne4
e5 28. Bg3 Nc6 29. a3 Kg6 30. f3 a4 31. b4 Ne7 32. Rc5 Nf5 33. Ke2 Nxg3+ 34.
hxg3 Kf5 35. Rxb5 1-0

[Event "4NCL 2016-17"]
[Site "Reading ENG"]
[Date "2016.11.20"]
[Round "2.35"]
[White "Stevenson, James"]
[Black "Zeidler, Sven P."]
[Result "1/2-1/2"]
[BlackTitle "FM"]
[WhiteElo "2055"]
[BlackElo "2185"]
[WhiteTeam "Celtic Tigers"]
[BlackTeam "South Wales Dragons"]
[WhiteFideId "2401215"]
[BlackFideId "1800604"]
[EventDate "2016.11.19"]

1. c4 f5 2. b3 Nf6 3. Bb2 e6 4. Nf3 Be7 5. g3 O-O 6. Bg2 d6 7. d3 Qe8 8. Nc3 Qh5
9. e3 c6 10. Qe2 e5 11. Nd2 f4 12. Qxh5 Nxh5 13. exf4 exf4 14. O-O-O fxg3 15.
fxg3 Nd7 16. Rhf1 Nhf6 17. h3 Nc5 18. Kc2 Nh5 19. Ne2 Bf5 20. Nf3 Bg6 21. b4 Nd7
22. g4 Nf4 23. Nxf4 Rxf4 24. Nd4 Rxf1 25. Rxf1 Ne5 26. Nf5 Bf6 27. Be4 Bxf5 28.
Rxf5 Re8 29. Bxe5 Bxe5 30. a4 g6 31. Rf3 Rd8 32. Rf1 Rd7 33. b5 d5 34. cxd5 cxd5
35. Bg2 Kg7 36. Kd2 b6 37. Ke3 Bc3 38. d4 Bb4 39. Rb1 Be7 40. Rf1 Bf6 41. Kd3
Bg5 42. Re1 Bf4 43. Rf1 g5 44. Re1 Kf7 45. Re2 Rd6 46. Rc2 Rd7 47. Re2 Rd8 48.
Rc2 Ke6 49. Rc6+ Bd6 50. Rc2 Bf4 51. Rc6+ Bd6 1/2-1/2

[Event "4NCL 2016-17"]
[Site "Reading ENG"]
[Date "2016.11.20"]
[Round "2.36"]
[White "Morris, Charles F"]
[Black "Guzik, Jolanta"]
[Result "0-1"]
[BlackTitle "WFM"]
[WhiteElo "2132"]
[BlackElo "2008"]
[WhiteTeam "South Wales Dragons"]
[BlackTeam "Celtic Tigers"]
[WhiteFideId "1800140"]
[BlackFideId "1117815"]
[EventDate "2016.11.19"]

1. Nf3 d5 2. g3 e6 3. Bg2 f5 4. O-O Nf6 5. d3 Nbd7 6. c4 c6 7. Nc3 Be7 8. Nd4
Ne5 9. cxd5 exd5 10. e4 fxe4 11. dxe4 dxe4 12. Nxe4 Bg4 13. Nxf6+ Bxf6 14. f3
Qxd4+ 15. Qxd4 Nxf3+ 16. Bxf3 Bxd4+ 17. Kg2 Bxf3+ 18. Rxf3 O-O-O 19. Rb1 Rhf8
20. b3 Rxf3 21. Kxf3 Bf6 22. Be3 b6 23. Rc1 Kb7 24. Rc2 Rd5 25. g4 c5 26. h3 Kc6
27. Ke4 Rd1 28. b4 Bd4 29. bxc5 bxc5 30. Bxd4 Rxd4+ 31. Ke3 Rd7 32. Ke4 Kb5 33.
Ke5 c4 34. Ke6 Rd3 35. Rb2+ Kc6 36. h4 c3 37. Rb8 Kc5 38. Rc8+ Kb4 39. Rc7 Rd4
40. Rb7+ Kc4 41. Rxg7 Kd3 0-1

[Event "4NCL 2016-17"]
[Site "Reading ENG"]
[Date "2016.11.20"]
[Round "2.37"]
[White "Pein, Jonathan"]
[Black "James, David J"]
[Result "1/2-1/2"]
[BlackTitle "FM"]
[WhiteElo "1905"]
[BlackElo "2134"]
[WhiteTeam "Celtic Tigers"]
[BlackTeam "South Wales Dragons"]
[WhiteFideId "417092"]
[BlackFideId "1800272"]
[EventDate "2016.11.19"]

1. b3 e5 2. Bb2 Nc6 3. e3 Nf6 4. c4 Bd6 5. Nc3 O-O 6. d3 Re8 7. g3 Bf8 8. Bg2 d6
9. Nge2 Ne7 10. Nd5 Nfxd5 11. cxd5 c6 12. dxc6 bxc6 13. O-O Be6 14. d4 f6 15.
Rc1 Rc8 16. Qd2 Qd7 17. Rfd1 Ng6 18. h4 Bh3 19. dxe5 Bxg2 20. Kxg2 fxe5 21. Qc2
d5 22. h5 Nh8 23. f3 Nf7 24. Rh1 h6 25. Qg6 Re6 26. Qg4 Qe8 27. e4 d4 28. Rce1
c5 29. Rc1 Nd6 30. Ba3 Nb7 31. Bb2 Rb6 32. Rc4 Ra6 33. Nc1 Nd6 34. Rc2 c4 35.
bxc4 Rxc4 36. Rf2 Rc7 37. Nd3 Rxa2 38. Bxd4 Rxf2+ 39. Bxf2 a5 40. Qg6 Nf7 41.
Qb6 Rc3 42. Rd1 a4 43. Qa5 Rc8 44. Ra1 Ra8 45. Qd5 Qb8 1/2-1/2

[Event "4NCL 2016-17"]
[Site "Reading ENG"]
[Date "2016.11.20"]
[Round "2.38"]
[White "Wilson, Julie"]
[Black "Larter, Nick J."]
[Result "0-1"]
[WhiteElo "1885"]
[BlackElo "1806"]
[WhiteTeam "South Wales Dragons"]
[BlackTeam "Celtic Tigers"]
[WhiteFideId "1800876"]
[BlackFideId "2502240"]
[EventDate "2016.11.19"]

1. d4 e6 2. c4 b6 3. Nf3 f5 4. Nc3 Bb4 5. Bd2 Nf6 6. e3 O-O 7. Bd3 Bb7 8. Qb3 a5
9. a3 Bxc3 10. Bxc3 Ne4 11. O-O Rf6 12. Nd2 Rh6 13. g3 Qh4 14. Nf3 Ng5 15. gxh4
Nxf3+ 16. Kh1 Rxh4 17. h3 Nxd4+ 18. Kh2 Nxb3 19. Rae1 Nc5 20. Bc2 Ne4 0-1

[Event "4NCL 2016-17"]
[Site "Reading ENG"]
[Date "2016.11.20"]
[Round "2.41"]
[White "Libiszewski, Fabien"]
[Black "Tukpetov, Evgeny"]
[Result "1-0"]
[WhiteTitle "GM"]
[WhiteElo "2543"]
[BlackElo "2269"]
[WhiteTeam "3C's"]
[BlackTeam "Kings Head"]
[WhiteFideId "616834"]
[BlackFideId "446904"]
[EventDate "2016.11.19"]

1. e4 b6 2. d4 Bb7 3. Bd3 Nf6 4. Qe2 e6 5. Nf3 c5 6. e5 Nd5 7. c4 Nc7 8. Be4
Bxe4 9. Qxe4 cxd4 10. Nxd4 d5 11. exd6 Bxd6 12. Nc3 O-O 13. Ndb5 Nxb5 14. Qxa8
Nxc3 15. bxc3 Qh4 16. Qf3 Nd7 17. Qd3 Be5 18. Be3 Nc5 19. Bxc5 bxc5 20. g3 Qf6
21. Rc1 h5 22. O-O h4 23. Qe3 h3 24. Rfe1 Bc7 25. Red1 Rb8 26. Rb1 Rxb1 27. Rxb1
Qf5 28. Rc1 Bd8 29. Rd1 Bf6 30. Qd3 Qe5 31. f3 g5 32. Kf2 Kg7 33. Rc1 Qc7 34.
Rc2 Qb7 35. Ke2 Qb8 36. Rc1 Qb2+ 37. Qc2 Qa3 38. Kd3 Qa6 39. Rd1 Qd6+ 40. Ke2
Qe5+ 41. Kf2 Qc7 42. Rd3 Qb7 43. Qb3 Qa6 44. a4 Qa5 45. Qb5 Qc7 46. a5 Qe5 47.
Qb7 a6 48. Kf1 g4 49. Qe4 Qxe4 50. fxe4 Be5 51. Rd7 Bxc3 52. Rc7 Bxa5 53. Rxc5
Bd2 54. Ke2 Bc1 55. Ra5 1-0

[Event "4NCL 2016-17"]
[Site "Reading ENG"]
[Date "2016.11.20"]
[Round "2.42"]
[White "Guthrie, David"]
[Black "Gordon, Stephen J"]
[Result "0-1"]
[BlackTitle "GM"]
[WhiteElo "2192"]
[BlackElo "2506"]
[WhiteTeam "Kings Head"]
[BlackTeam "3C's"]
[WhiteFideId "4300505"]
[BlackFideId "411477"]
[EventDate "2016.11.19"]

1. d4 Nf6 2. c4 e6 3. Nc3 Bb4 4. e3 O-O 5. Ne2 d5 6. a3 Be7 7. cxd5 exd5 8. Nf4
c6 9. Bd3 Na6 10. O-O Nc7 11. f3 Ne6 12. Nce2 c5 13. Bd2 Qb6 14. Nxe6 fxe6 15.
Bc3 cxd4 16. Bxd4 Bc5 17. Bc2 Bd7 18. b4 Bxd4 19. exd4 e5 20. Kh1 e4 21. Qd2 Bb5
22. Rad1 Qa6 23. Rfe1 e3 0-1

[Event "4NCL 2016-17"]
[Site "Reading ENG"]
[Date "2016.11.20"]
[Round "2.43"]
[White "Horton, Andrew P"]
[Black "Okike, David"]
[Result "1-0"]
[WhiteTitle "FM"]
[WhiteElo "2280"]
[BlackElo "2198"]
[WhiteTeam "3C's"]
[BlackTeam "Kings Head"]
[WhiteFideId "424269"]
[BlackFideId "8500134"]
[EventDate "2016.11.19"]

1. Nf3 d5 2. c4 e6 3. g3 c5 4. Bg2 d4 5. O-O Nf6 6. d3 Be7 7. e3 Nc6 8. exd4
cxd4 9. Re1 O-O 10. Ne5 Nxe5 11. Rxe5 Bd6 12. Re1 Qc7 13. Na3 a6 14. Bg5 e5 15.
Bxf6 gxf6 16. Qh5 Kg7 17. Re4 Rh8 18. Rh4 h6 19. Be4 Be6 20. Bf5 Qd7 21. Qg4+
Kf8 22. Rh5 Rc8 23. Nb1 Bxf5 24. Rxf5 b5 25. Nd2 Be7 26. b3 Rg8 27. Qh5 Rg6 28.
Nf3 bxc4 29. Nxe5 Qe6 30. Nxg6+ fxg6 31. Qxh6+ Kf7 32. Qh7+ Kf8 33. Qxg6 c3 34.
Rh5 Ba3 35. Rh7 1-0

[Event "4NCL 2016-17"]
[Site "Reading ENG"]
[Date "2016.11.20"]
[Round "2.44"]
[White "Foord, Dominic"]
[Black "Abbas, Daniel"]
[Result "0-1"]
[WhiteElo "2099"]
[BlackElo "2270"]
[WhiteTeam "Kings Head"]
[BlackTeam "3C's"]
[WhiteFideId "415391"]
[BlackFideId "423831"]
[EventDate "2016.11.19"]

1. d4 Nf6 2. c4 c5 3. d5 e6 4. Nc3 exd5 5. cxd5 d6 6. e4 g6 7. Bd3 Bg7 8. h3 O-O
9. Nf3 a6 10. a4 Nh5 11. O-O Nd7 12. Bg5 Bf6 13. Qd2 Ne5 14. h4 Bxg5 15. Nxg5 h6
16. Be2 hxg5 17. Bxh5 g4 18. f4 gxf3 19. Bxf3 Qxh4 20. Qe1 Qxe1 21. Raxe1 Bd7
22. Be2 Rab8 23. Rf6 b5 24. axb5 axb5 25. Rxd6 c4 26. Na2 Ra8 27. Nb4 Ra4 28.
Nc6 Bxc6 29. dxc6 Rc8 30. Rd5 Nxc6 31. Rxb5 Nd4 32. Rb7 Raa8 33. Bg4 Rcb8 34.
Rd7 Nc2 35. Rf1 Ne3 36. Rfxf7 Ra1+ 37. Kh2 Nxg4+ 38. Kg3 Ne5 39. Rg7+ Kf8 40.
Rc7 Rf1 41. Rh7 Rb3+ 42. Kh4 Nf7 43. Rc8+ Ke7 0-1

[Event "4NCL 2016-17"]
[Site "Reading ENG"]
[Date "2016.11.20"]
[Round "2.45"]
[White "Congiu, Mathilde"]
[Black "Gilfillan, Andrew"]
[Result "1-0"]
[WhiteTitle "WIM"]
[WhiteElo "2208"]
[BlackElo "1973"]
[WhiteTeam "3C's"]
[BlackTeam "Kings Head"]
[WhiteFideId "634581"]
[BlackFideId "2402580"]
[EventDate "2016.11.19"]

1. e4 c5 2. d4 cxd4 3. c3 Nf6 4. e5 Nd5 5. Nf3 Nc6 6. cxd4 d6 7. Bc4 dxe5 8.
Bxd5 Qxd5 9. Nc3 Qa5 10. d5 Nb4 11. O-O Bf5 12. Nxe5 Rd8 13. Qf3 Bg6 14. Rd1 Nc2
15. Rb1 Qb4 16. Nxg6 hxg6 17. Qd3 Qh4 18. Qxc2 Qxh2+ 19. Kf1 Qh1+ 20. Ke2 Qxg2
21. Qa4+ Rd7 22. Be3 Rh3 23. Qf4 g5 24. Qe4 Qxe4 25. Nxe4 Rh4 26. Nxg5 Ra4 27.
a3 g6 28. Rbc1 Bg7 29. Rc8+ Rd8 30. Rxd8+ Kxd8 31. Nxf7+ Ke8 32. d6 exd6 33.
Nxd6+ Ke7 34. Nc8+ Ke6 35. Rd6+ Kf5 36. Ne7+ Ke5 37. Rxg6 Bf6 38. f4+ Ke6 39.
Ng8 Kf7 40. Rxf6+ Kxg8 41. Rd6 b6 42. Rd7 Rc4 43. Kd3 Ra4 44. f5 Ra5 45. Ke4 Rb5
46. f6 Rh5 47. f7+ Kf8 48. Bf4 1-0

[Event "4NCL 2016-17"]
[Site "Reading ENG"]
[Date "2016.11.20"]
[Round "2.46"]
[White "Sun, Xinyue"]
[Black "Walton, Alan J"]
[Result "0-1"]
[BlackTitle "CM"]
[WhiteElo "2080"]
[BlackElo "2191"]
[WhiteTeam "Kings Head"]
[BlackTeam "3C's"]
[WhiteFideId "8600813"]
[BlackFideId "409898"]
[EventDate "2016.11.19"]

1. e4 e6 2. d4 d5 3. Nc3 Nf6 4. e5 Nfd7 5. f4 c5 6. Nf3 Nc6 7. Be3 cxd4 8. Nxd4
Bc5 9. Qd2 a6 10. O-O-O Qe7 11. h4 O-O 12. h5 f6 13. f5 Bxd4 14. Bxd4 Ndxe5 15.
fxe6 Bxe6 16. Nxd5 Qf7 17. Bb6 Rac8 18. a3 Ne7 19. Nxe7+ Qxe7 20. Qb4 Qf7 21.
Kb1 Bf5 22. Rd2 Rc6 23. Be2 Rfc8 24. Rc1 Nc4 25. Rd8+ Rxd8 26. Bxd8 Ne3 27. Bd3
Bxd3 28. cxd3 Rxc1+ 29. Kxc1 Qxh5 30. Qe1 Qe5 31. Qd2 Qc5+ 32. Kb1 Qd4 33. Ba5
Nd5 34. Qc2 Kf7 35. Qb3 b5 36. Qc2 g5 37. Bc3 Qb6 38. Qe2 Qe6 39. Qh5+ Kg8 40.
Qd1 Kg7 41. Bd4 Nf4 42. Qc2 Qd6 43. Qf2 Nxd3 44. Qe3 Nf4 45. g3 Ne6 46. Bc3 h6
47. Bb4 Qd1+ 48. Ka2 Qd5+ 49. Ka1 Kg6 50. Qa7 Nd4 51. Bc3 Nb3+ 52. Kb1 Qd1+ 53.
Ka2 Nc1+ 54. Kb1 Ne2+ 55. Ka2 Nxc3+ 56. bxc3 Qc2+ 57. Ka1 Qxc3+ 58. Ka2 Qxg3 59.
Qxa6 Qd3 60. Qa8 Qc2+ 61. Ka1 Qc1+ 62. Ka2 Qc4+ 63. Kb2 h5 64. Qe8+ Qf7 65. Qxb5
f5 66. a4 f4 67. Qd3+ Qf5 68. Qb3 Qf6+ 69. Kc1 f3 70. Qd3+ Kh6 71. Kd2 f2 72.
Qf1 Qf4+ 73. Kd3 g4 74. Ke2 g3 75. Qg2 Qc4+ 0-1

[Event "4NCL 2016-17"]
[Site "Reading ENG"]
[Date "2016.11.20"]
[Round "2.47"]
[White "Horton, Jamie A"]
[Black "Davey, Mark"]
[Result "1-0"]
[WhiteElo "2179"]
[BlackElo "2011"]
[WhiteTeam "3C's"]
[BlackTeam "Kings Head"]
[WhiteFideId "421472"]
[BlackFideId "404730"]
[EventDate "2016.11.19"]

1. d4 e6 2. c4 f5 3. Nf3 Nf6 4. Nc3 Be7 5. g3 d5 6. Bg2 c6 7. O-O O-O 8. b3 Bd7
9. Qc2 Be8 10. Bb2 Kh8 11. cxd5 exd5 12. Qxf5 Ne4 13. Qh3 Bd7 14. g4 Nxc3 15.
Bxc3 Bd6 16. Ne5 Bxe5 17. dxe5 Qg5 18. f4 Qxg4 19. Qxg4 Bxg4 20. e4 dxe4 21.
Bxe4 Nd7 22. Rae1 Bf5 23. Bg2 Rae8 24. Rd1 Rf7 25. Rd6 Nc5 26. Bd4 Ne4 27. Bxe4
Bxe4 28. Bxa7 h6 29. Bd4 Bf5 30. Kg2 Be6 31. Rf2 Kh7 32. Kg3 Kg6 33. Bc3 Kf5 34.
Kf3 g5 35. Ke3 g4 36. Rg2 h5 37. Be1 Ra8 38. Rgd2 Ra5 39. Rxe6 Rc5 40. Rdd6 1-0

[Event "4NCL 2016-17"]
[Site "Reading ENG"]
[Date "2016.11.20"]
[Round "2.51"]
[White "Lewis, Andrew P"]
[Black "Sadler, Matthew D"]
[Result "0-1"]
[WhiteTitle "FM"]
[BlackTitle "GM"]
[WhiteElo "2301"]
[BlackElo "2670"]
[WhiteTeam "Anglian Avengers"]
[BlackTeam "Guildford"]
[WhiteFideId "400955"]
[BlackFideId "400173"]
[EventDate "2016.11.19"]

1. c4 e5 2. Nc3 Bb4 3. Nd5 Bc5 4. e3 Nf6 5. d4 Nxd5 6. dxc5 Nf6 7. Nf3 Nc6 8. b4
Nxb4 9. Nxe5 Qe7 10. Bb2 Qxc5 11. Be2 O-O 12. O-O d6 13. Nf3 Ne4 14. Rb1 Na6 15.
Qc2 Re8 16. Rfd1 c6 17. Rd4 Qf5 18. Ba1 Nac5 19. Qb2 f6 20. Rf1 Qg6 21. Nh4 Qh6
22. g3 Be6 23. Qc2 d5 24. Ng2 Rac8 25. f3 Nd6 26. cxd5 cxd5 27. Rh4 Qg6 28. Qd1
Qf7 29. Rb4 Bh3 30. Bd4 Nc4 31. Qc1 Ne6 32. Bxa7 b6 33. Rxc4 dxc4 34. Bxb6 Rc6
35. Ba5 Qa7 36. Bc3 Qxa2 37. Rf2 Qa6 38. Nh4 Nc5 39. Qd2 Nd3 40. g4 Rb6 41. Qc2
Reb8 42. Bd1 Rb1 43. Nf5 Rc1 0-1